In Black and White / (Record no. 6289)

MARC details
000 -LEADER
fixed length control field 00709nam a22001817a 4500
003 - CONTROL NUMBER IDENTIFIER
control field GBCCL
005 - DATE AND TIME OF LATEST TRANSACTION
control field 20241126110600.0
008 - FIXED-LENGTH DATA ELEMENTS--GENERAL INFORMATION
fixed length control field 171214b xxu||||| |||| 00| 0 eng d
040 ## - CATALOGING SOURCE
Transcribing agency gbc
082 ## - DEWEY DECIMAL CLASSIFICATION NUMBER
Classification number 813.54
Item number KIP
100 ## - MAIN ENTRY--PERSONAL NAME
Personal name Kipling, Rudyard
9 (RLIN) 7588
245 ## - TITLE STATEMENT
Title In Black and White /
Statement of responsibility, etc. Rudyard Kipling
260 ## - PUBLICATION, DISTRIBUTION, ETC.
Place of publication, distribution, etc. New York:
Name of publisher, distributor, etc. R.F. Fenno & Company,
Date of publication, distribution, etc. 1899
300 ## - PHYSICAL DESCRIPTION
Extent 173 p.;
Other physical details 15 cm.
505 ## - FORMATTED CONTENTS NOTE
Formatted contents note Dray wara yow dee.--Namgay doola.--"The city of dreadful night".--The judgement of Dungara.--The finances of the gods.--At Howli Thana.--In flood time.--Moti guj--mutineer.--Without benefit of clergy.--Naboth.--The sending of Dana Da.--Throught the fire.
650 ## - SUBJECT ADDED ENTRY--TOPICAL TERM
Topical term or geographic name entry element Fiction
9 (RLIN) 5278
942 ## - ADDED ENTRY ELEMENTS (KOHA)
Source of classification or shelving scheme Dewey Decimal Classification
Koha item type Books
Koha issues (borrowed), all copies 1
Holdings
Withdrawn status Lost status Source of classification or shelving scheme Damaged status Not for loan Home library Current Library Shelving location Date acquired Total checkouts Full call number Barcode Date last seen Date last checked out Copy number Price effective from Koha item type
    Dewey Decimal Classification     GRACE BIBLE COLLEGE GRACE BIBLE COLLEGE General Studies 2018-05-08 1 813.54 KIP 002506 2025-05-01 2018-10-12 c.1 2018-05-08 Books
© Grace Bible College Library 2025